[Event "Barcelona Sant Marti op 04th"]
[Site "Barcelona"]
[Date "2002.04.27"]
[Round "4.52"]
[White "Garcia Gomez, Ricardo"]
[Black "Melons Crespo, Yolanda"]
[Result "1-0"]
[WhiteElo "1755"]
[BlackElo "1700"]
[PlyCount "29"]
[EventDate "2002.04.06"]
[EventType "swiss"]
[EventRounds "9"]
[EventCountry "ESP"]
[SourceTitle "EXT 2003"]
[Source "ChessBase"]
[SourceDate "2002.11.25"]
[SourceVersion "1"]
[SourceVersionDate "2002.11.25"]
[SourceQuality "1"]

1. e4 e5 2. Nf3 Nc6 3. d4 exd4 4. Bc4 Bb4+ 5. c3 dxc3 6. 0-0 cxb2 7. Bxb2 Bf8 8. Nbd2 Nf6 9. e5 Ng4 10. Ne4 d5 11. exd6 Bxd6 12. Bxf7+ Kxf7 13. Nfg5+ Kg8 14. Qb3+ Be6 15. Qxe6+ 1-0

[Event "Barcelona Sant Marti op 04th"]
[Site "Barcelona"]
[Date "2002.04.06"]
[Round "1.47"]
[White "Melons Crespo, Yolanda"]
[Black "Gibert de la Torre, Paul"]
[Result "0-1"]
[WhiteElo "1700"]
[BlackElo "1895"]
[PlyCount "74"]
[EventDate "2002.04.06"]
[EventType "swiss"]
[EventRounds "9"]
[EventCountry "ESP"]
[SourceTitle "EXT 2003"]
[Source "ChessBase"]
[SourceDate "2002.11.25"]
[SourceVersion "1"]
[SourceVersionDate "2002.11.25"]
[SourceQuality "1"]

1. e4 c5 2. Nf3 e6 3. Bc4 Nc6 4. c3 d5 5. exd5 exd5 6. Qe2+ Be7 7. Bb5 Nf6 8. 0-0 0-0 9. d4 Bg4 10. h3 Bh5 11. Bf4 cxd4 12. Nbd2 dxc3 13. bxc3 Re8 14. Qd3 Bg6 15. Qe2 Bd6 16. Ne5 Rxe5 17. Bxe5 Nxe5 18. f4 Bh5 19. Qe3 Ned7 20. Kh2 Qc7 21. Rac1 Re8 22. Qf2 Bc5 23. Qg3 Be3 24. Rce1 Bxd2 25. Rxe8+ Nxe8 26. Qg5 Nef6 27. Rf2 Be3 28. Rf1 h6 29. Qg3 Bd2 30. f5 Qxg3+ 31. Kxg3 Ne4+ 32. Kh2 Ne5 33. g4 Bxg4 34. hxg4 Nxg4+ 35. Kh3 Ngf2+ 36. Kg2 Ng4 37. Kf3 Nh2+ 0-1